<?xml version="1.0" encoding="UTF-8"?>
<record
    xmlns:xsi="http://www.w3.org/2001/XMLSchema-instance"
    xsi:schemaLocation="http://www.loc.gov/MARC21/slim http://www.loc.gov/standards/marcxml/schema/MARC21slim.xsd"
    xmlns="http://www.loc.gov/MARC21/slim">

  <leader>01025nam a22002657a 4500</leader>
  <controlfield tag="003">OSt</controlfield>
  <controlfield tag="005">20191029062613.0</controlfield>
  <controlfield tag="008">180305b        xxu||||| |||| 00| 0 spa d</controlfield>
  <datafield tag="020" ind1=" " ind2=" ">
    <subfield code="a">9502004418</subfield>
  </datafield>
  <datafield tag="040" ind1=" " ind2=" ">
    <subfield code="c">PJ</subfield>
  </datafield>
  <datafield tag="100" ind1=" " ind2=" ">
    <subfield code="9">1718</subfield>
    <subfield code="a">Di Baja, Agusto C&#xE9;sar</subfield>
  </datafield>
  <datafield tag="245" ind1="1" ind2="4">
    <subfield code="a">Las remuneraciones de los directores de sociedades an&#xF3;nimas :</subfield>
    <subfield code="b">r&#xE9;gimen legal y previsional /</subfield>
    <subfield code="c">Agusto C&#xE9;sar Di Baja.</subfield>
  </datafield>
  <datafield tag="260" ind1=" " ind2=" ">
    <subfield code="a">Buenos Aires :</subfield>
    <subfield code="b">Abeledo-Perrot, </subfield>
    <subfield code="c">1987.</subfield>
  </datafield>
  <datafield tag="300" ind1=" " ind2=" ">
    <subfield code="a">92 p.</subfield>
    <subfield code="c">23 cm.</subfield>
  </datafield>
  <datafield tag="500" ind1=" " ind2=" ">
    <subfield code="a">Notas a pie de p&#xE1;gina.</subfield>
  </datafield>
  <datafield tag="504" ind1=" " ind2=" ">
    <subfield code="a">Bibliograf&#xED;a: p. 87-88.</subfield>
  </datafield>
  <datafield tag="505" ind1=" " ind2=" ">
    <subfield code="a">Contenido:
Principios generales -- Situaci&#xF3;n de los directores de sociedades an&#xF3;nimas -- Resoluciones administrativas y jurisprudencia judicial -- Ap&#xE9;ndices.</subfield>
  </datafield>
  <datafield tag="650" ind1=" " ind2="0">
    <subfield code="9">1602</subfield>
    <subfield code="a">DERECHO COMERCIAL</subfield>
  </datafield>
  <datafield tag="650" ind1=" " ind2="0">
    <subfield code="a">SOCIEDADES COMERCIALES</subfield>
    <subfield code="9">646</subfield>
  </datafield>
  <datafield tag="650" ind1=" " ind2="0">
    <subfield code="9">1625</subfield>
    <subfield code="a">SOCIEDAD ANONIMA</subfield>
  </datafield>
  <datafield tag="650" ind1=" " ind2="0">
    <subfield code="9">1688</subfield>
    <subfield code="a">DIRECTORES DE SA</subfield>
  </datafield>
  <datafield tag="650" ind1=" " ind2="0">
    <subfield code="9">1732</subfield>
    <subfield code="a">REMUNERACION DEL DIRECTORIO</subfield>
  </datafield>
  <datafield tag="700" ind1=" " ind2=" ">
    <subfield code="9">1690</subfield>
    <subfield code="a">Figueroa, Federico</subfield>
  </datafield>
  <datafield tag="942" ind1=" " ind2=" ">
    <subfield code="2">udc</subfield>
    <subfield code="c">LIB</subfield>
    <subfield code="h">347.725</subfield>
    <subfield code="i">DIB</subfield>
  </datafield>
  <datafield tag="999" ind1=" " ind2=" ">
    <subfield code="c">1158</subfield>
    <subfield code="d">1158</subfield>
  </datafield>
  <datafield tag="952" ind1=" " ind2=" ">
    <subfield code="0">0</subfield>
    <subfield code="1">0</subfield>
    <subfield code="2">udc</subfield>
    <subfield code="4">0</subfield>
    <subfield code="7">0</subfield>
    <subfield code="a">DJS</subfield>
    <subfield code="b">DJS</subfield>
    <subfield code="d">2018-08-16</subfield>
    <subfield code="o">347.725 DIB</subfield>
    <subfield code="p">1397</subfield>
    <subfield code="r">2018-08-16</subfield>
    <subfield code="w">2018-08-16</subfield>
    <subfield code="y">LIB</subfield>
  </datafield>
  <datafield tag="952" ind1=" " ind2=" ">
    <subfield code="0">0</subfield>
    <subfield code="1">0</subfield>
    <subfield code="2">udc</subfield>
    <subfield code="4">0</subfield>
    <subfield code="7">0</subfield>
    <subfield code="a">DJN</subfield>
    <subfield code="b">DJN</subfield>
    <subfield code="d">2018-08-16</subfield>
    <subfield code="o">347.725 DIB</subfield>
    <subfield code="p">RG 2265</subfield>
    <subfield code="r">2024-12-01</subfield>
    <subfield code="w">2018-08-16</subfield>
    <subfield code="y">LIB</subfield>
  </datafield>
</record>
